| 000 | 00502nam a2200205Ia 4500 | ||
|---|---|---|---|
| 003 | OSt | ||
| 005 | 20220630145927.0 | ||
| 008 | 210210b1979 xxu||||| |||| 00| 0 eng d | ||
| 040 | _cAL | ||
| 041 | _aeng | ||
| 082 | _a338.954 SANE | ||
| 100 |
_aSANKARAN (S) _946309 |
||
| 245 | _aEconomic development of India | ||
| 250 | _a7 | ||
| 260 |
_aBombay _bProgressive Corporation Private Limited _c1979 |
||
| 300 | _axxiv,947 | ||
| 690 |
_aIndian Economics _946310 |
||
| 906 | _a034388 | ||
| 942 |
_2ddc _cBK |
||
| 999 |
_c85058 _d85058 |
||